The Indian Parliament : (Record no. 53324)

MARC details
000 -LEADER
fixed length control field 02488nam a22003377a 4500
005 - DATE AND TIME OF LATEST TRANSACTION
control field 20110608103154.0
010 ## - LCCN (DPL NO)
LC control number ENG-102721 B-462177-183
020 ## - INTERNATIONAL STANDARD BOOK NUMBER
International Standard Book Number 9780198067726
Terms of availability 895.00
020 ## - INTERNATIONAL STANDARD BOOK NUMBER
International Standard Book Number 0198067720
Terms of availability 895.00
035 ## - SYSTEM CONTROL NUMBER
System control number EN-86254 B-462177-183
037 ## - SOURCE OF ACQUISITION
Source of stock number/acquisition DBAD / PUB
037 ## - SOURCE OF ACQUISITION
Source of stock number/acquisition Allied Pub/Ven
082 ## - DEWEY DECIMAL CLASSIFICATION NUMBER
Classification number 328.54
100 ## - MAIN ENTRY--PERSONAL NAME
Personal name Shankar, B.L.
245 ## - TITLE STATEMENT
Title The Indian Parliament :
Statement of responsibility, etc by B.L.Shankar [and] Valerian Rodrigues
Remainder of title a democracy at work /
260 ## - PUBLICATION, DISTRIBUTION, ETC. (IMPRINT)
Place of publication, distribution, etc New Delhi
Name of publisher, distributor, etc Oxford University Press
Date of publication, distribution, etc 2011
270 ## - ADDRESS
Address YMCA Library Building, Jai Singh Road
City New Delhi
Postal code 110001
300 ## - PHYSICAL DESCRIPTION
Extent xv,412 p.
Dimensions 25cm (Hb)
500 ## - GENERAL NOTE
General note Includes bibliographical references (p. [387]-397) and index.
700 ## - ADDED ENTRY--PERSONAL NAME
9 (RLIN) 28520
Personal name Rodrigues, Valerian.
942 ## - ADDED ENTRY ELEMENTS (KOHA)
Source of classification or shelving scheme Dewey Decimal Classification
Item type English Books
Call number suffix SHA
Classification part 328.54
Holdings
Withdrawn status Lost status Not for loan Collection code Home library Current library Date acquired Source of acquisition Cost, normal purchase price Full call number Barcode Copy number Cost, replacement price Koha item type
      Non-fiction Central Library Central Library 21/05/2012 Allied Pub/1951/10.02.2012/21/16.01.2012/10.02.2012 895.00 328.54 SHA B-462177 1 895.00 English Books
    Not For Loan Non-fiction D.B.Act.Division D.B.Act.Division 28/06/2011 DBAD / PUB 895.00 SHA EN-86254 1 895.00 English Books
      Non-fiction Janak Puri Janak Puri 21/05/2012 Allied Pub/1951/10.02.2012/21/16.01.2012/10.02.2012 895.00 328.54 SHA B-462179 1 895.00 English Books
      Non-fiction Karol Bagh Karol Bagh 21/05/2012 Allied Pub/1951/10.02.2012/21/16.01.2012/10.02.2012 895.00 328.54 SHA B-462182 1 895.00 English Books
      Non-fiction Patel Nagar Patel Nagar 21/05/2012 Allied Pub/1951/10.02.2012/21/16.01.2012/10.02.2012 895.00 328.54 SHA B-462178 1 895.00 English Books
      Non-fiction Sarojini Nagar Sarojini Nagar 21/05/2012 Allied Pub/1951/10.02.2012/21/16.01.2012/10.02.2012 895.00 328.54 SHA B-462180 1 895.00 English Books
  Written-off vide DLB M. No. 383 dt 16.05.19   Non-fiction Shahdara Branch Shahdara Branch 21/05/2012 Allied Pub/1951/10.02.2012/21/16.01.2012/10.02.2012 895.00 328.54 SHA B-462183 1 895.00 English Books
      Non-fiction Vinoba Puri Vinoba Puri 21/05/2012 Allied Pub/1951/10.02.2012/21/16.01.2012/10.02.2012 895.00 328.54 SHA B-462181 1 895.00 English Books

© Delhi Public Library
Hit Counter
free hit counter